ბათუმის შოთა რუსთაველის სახელმწიფო უნივერსიტეტის ბიბლიოთეკა

Биологическая защита растении (ბიბ.ჩანაწერი № 35618)

000 -LEADER
fixed length control field 00728nam a2200241Ia 4500
001 - CONTROL NUMBER
control field 1484
003 - CONTROL NUMBER IDENTIFIER
control field GE_BSU
008 - FIXED-LENGTH DATA ELEMENTS--GENERAL INFORMATION
fixed length control field 181216s||||||||xx |||||||||||||| ||und||
040 ## - CATALOGING SOURCE
Transcribing agency GE_BSU
080 ## - UNIVERSAL DECIMAL CLASSIFICATION NUMBER
Universal Decimal Classification number 632.9(075.8)
100 ## - MAIN ENTRY--PERSONAL NAME
Personal name Бондаренко,Н.В.
245 ## - TITLE STATEMENT
Title Биологическая защита растении
245 ## - TITLE STATEMENT
Remainder of title Уч-к для студ. высш. учебн. завед.
250 ## - EDITION STATEMENT
Edition statement 2-е изд. доп. и перераб
260 ## - PUBLICATION, DISTRIBUTION, ETC.
Place of publication, distribution, etc. Москва
260 ## - PUBLICATION, DISTRIBUTION, ETC.
Name of publisher, distributor, etc. Агропромиздат
260 ## - PUBLICATION, DISTRIBUTION, ETC.
Date of publication, distribution, etc. 1986
300 ## - PHYSICAL DESCRIPTION
Extent 278стр. 21см.
653 ## - INDEX TERM--UNCONTROLLED
Uncontrolled term Биологическая защита растении
653 ## - INDEX TERM--UNCONTROLLED
Uncontrolled term ბიოლოგია
942 ## - ADDED ENTRY ELEMENTS (KOHA)
Koha item type წიგნი
ეგზემპლარები
Withdrawn status Lost status Damaged status Not for loan Date acquired Barcode Date last seen Price effective from Koha item type
        2018-12-17 2883 2018-12-17 2018-12-17 წიგნი